Alternative policies for financing higher education /

में बचाया:
ग्रंथसूची विवरण
मुख्य लेखक: Boeninger Kausel, Edgardo
स्वरूप: मूलपाठ
टैग: टैग जोड़ें
कोई टैग नहीं, इस रिकॉर्ड को टैग करने वाले पहले व्यक्ति बनें!

MARC

LEADER 00000 a a2200000 04500
001 45647
003
040 |a CRAI/IIS  |c CRAI/IIS 
100 |a Boeninger Kausel, Edgardo  
245 |a Alternative policies for financing higher education /  |c Edgardo Boeninger Kausel  
773 |g páginas 321-357: tablas  
999 |c 18338  |d 18338